000 00587nam a22001577a 4500
008 150313b xxu||||| |||| 00| 0 eng d
050 _aPN771.H38
100 _aHeiney, Donald (ed.)
_916369
245 _aContinental European Literature
_cDonald Heiney ed.
260 _aNew York
_bBarron's Educational Series, Inc
_c1974
300 _axiv, 382p. ;
_c20cm.
440 _aEssential contemporary literature of the western world
_nno.1
_916370
650 _aLiterature, modern
_xHistory criticism
_y20th Century
_916371
700 _aDowns, Lentheiel H. (ed.)
_916894
942 _2lcc
_cMONOGRAPH
999 _c122451
_d122451